wane - Ten Sam Stan (Deluxe) - Statystyki

Ogólne statystyki
  • Ten quiz został rozwiązany 34 razy
  • Średni wynik to 12 z 14
Statystyki odpowiedzi
Ten Sam Stan (Deluxe) % Poprawnych
Bieg
93%
Po Co?
93%
Splendor
90%
U/E
90%
Baldachim (Intro)
87%
Ten Sam Stan
87%
Błoto
80%
Namaste
80%
Wszystkim Czym Chcesz
80%
526
77%
Kehlani
77%
Nie Jest
77%
Alexis Sanchez
73%
Zejść
73%
Nie znaleziono quizów pasujących do podanych kryteriów
Rozkład punktacji
Procent ludzi z każdym wynikiem
Percentyl według liczby udzielonych odpowiedzi
Twoja historia wyników
Nie rozwiązałeś tego quizu